Statistics for 54 African Countries, 54 Cities

Click here to take the quiz!

General Stats

  • This quiz has been taken 39 times
  • The average score is 18 of 54

Answer Stats

City Country % Correct
South AfricaDurbanSouth Africa
97%
MoroccoMarrakeshMorocco
93%
LibyaBenghaziLibya
86%
EgyptGizaEgypt
79%
KenyaMombasaKenya
76%
BurundiGitegaBurundi
69%
SeychellesVictoriaSeychelles
66%
CameroonDoualaCameroon
59%
GambiaBanjulGambia
59%
Democratic Republic of the CongoLubumbashiDemocratic Republic of the Congo
59%
UgandaEntebbeUganda
52%
TunisiaSfaxTunisia
52%
ZimbabweBulawayoZimbabwe
52%
AlgeriaTindoufAlgeria
41%
MalawiBlantyreMalawi
41%
NamibiaSwakopmundNamibia
38%
AngolaCabindaAngola
38%
GhanaKumasiGhana
38%
NigeriaOnitshaNigeria
34%
TanzaniaArushaTanzania
34%
SudanAl-FashirSudan
34%
NigerAgadezNiger
31%
Republic of the CongoPointe-NoireRepublic of the Congo
31%
Burkina FasoBobo-DioulassoBurkina Faso
28%
SomaliaHargeisaSomalia
28%
BotswanaMaunBotswana
28%
EritreaMassawaEritrea
28%
Equatorial GuineaBataEquatorial Guinea
28%
SenegalSt. LouisSenegal
24%
LiberiaBuchananLiberia
24%
EthiopiaDire DawaEthiopia
24%
MauritaniaNouadhibouMauritania
24%
TogoSokodeTogo
21%
BeninParakouBenin
21%
DjiboutiAli-SabeihDjibouti
21%
MaliMoptiMali
21%
MozambiqueMatolaMozambique
17%
GabonPort-GentilGabon
17%
ChadMoundouChad
17%
Central African RepublicBerberatiCentral African Republic
17%
RwandaRuhengeriRwanda
14%
São Tomé and PríncipeNevesSão Tomé and Príncipe
14%
LesothoMafetengLesotho
14%
Cape VerdeMindeloCape Verde
14%
Sierra LeoneBoSierra Leone
14%
Ivory CoastBouakeIvory Coast
14%
South SudanWauSouth Sudan
14%
EswatiniLobambaEswatini
14%
ZambiaNdolaZambia
14%
GuineaKankanGuinea
10%
MadagascarMahajangaMadagascar
10%
MauritiusCurepipeMauritius
7%
Guinea-BissauGabuGuinea-Bissau
7%
ComorosMutsamuduComoros
7%

Score Distribution

Percentile by Number Answered

Percent of People with Each Score

Your Score History

You have not taken this quiz